Welcome to Marium Abdulla Library

Embrace knowledge with a breath of fresh air.

Browse Collection

Marium Abdulla Library

Art:21 - Art in the 21st Century (Record no. 11875)

MARC details
000 -LEADER
fixed length control field 00340nam a2200157Ia 4500
001 - CONTROL NUMBER
control field 10738
005 - DATE AND TIME OF LATEST TRANSACTION
control field 20250626030615.0
008 - FIXED-LENGTH DATA ELEMENTS--GENERAL INFORMATION
fixed length control field 211022s9999 xx 000 0 und d
082 ## - DEWEY DECIMAL CLASSIFICATION NUMBER
Classification number 709.73 ABR
100 ## - MAIN ENTRY--PERSONAL NAME
Personal name Abramovic, Marina
245 #0 - TITLE STATEMENT
Title Art:21 - Art in the 21st Century
260 ## - PUBLICATION, DISTRIBUTION, ETC.
Place of publication, distribution, etc.
260 ## - PUBLICATION, DISTRIBUTION, ETC.
Date of publication, distribution, etc. 2014
300 ## - PHYSICAL DESCRIPTION
Extent 2
942 ## - ADDED ENTRY ELEMENTS (KOHA)
Koha item type
Holdings
Date last seen Total checkouts Full call number Barcode Price effective from Koha item type Lost status Damaged status Not for loan Collection Withdrawn status Home library Current library Shelving location Date acquired Cost, normal purchase price
10/26/2021   709.73 ABR 10738 10/26/2021 Audios and Videos       Administration   Marium Abdulla Library Marium Abdulla Library Audio Visual 07/28/2014 600.00